The subterranean economy /

Bibliographic Details
Main Author: Bawley, Dan, 1929-
Format: Book
Language:English
Published: New York : McGraw-Hill, [1982]
Subjects:

MARC

Tag First Indicator Second Indicator Subfields
LEADER 00000pam a2200000 a 4500
001 in00000088384
005 20151008063154.0
008 810727s1982 nyu b 00110 eng
010 |a  81012425  
020 |a 0070041539 
035 |a (OCoLC)07733738 
035 |9 AAK1727AM 
039 0 |a 2  |b 3  |c 3  |d 3  |e 3 
040 |a DLC  |c DLC  |d TXA  |d UtOrBLW 
049 |a TXAM  |c [1272628] 
050 0 0 |a HJ2348.5  |b  B38 
082 0 |a 336.24/16  |2 19 
100 1 |a Bawley, Dan,  |d 1929- 
245 1 4 |a The subterranean economy /  |c Dan Bawly. 
264 1 |a New York :  |b McGraw-Hill,  |c [1982] 
264 4 |c ©1982 
300 |a xv, 187 pages ;  |c 24 cm. 
336 |a text  |b txt  |2 rdacontent 
337 |a unmediated  |b n  |2 rdamedia 
338 |a volume  |b nc  |2 rdacarrier 
504 |a Includes bibliographical references and index. 
650 0 |a Tax evasion. 
650 0 |a Informal sector (Economics) 
999 |a MARS 
999 f f |s e06b4770-62ec-39f4-ad31-7977b582bc8f  |i 738eb153-f8f0-353a-b0bd-ee4f18479983  |t 0 
952 f f |p ric  |a Texas A&M University  |b Rellis Campus  |c Joint Library Facility  |d Remote Storage  |t 0  |e HJ2348.5 B38  |h Library of Congress classification  |i unmediated -- volume  |m A14805985058 
998 f f |a HJ2348.5 B38  |t 0  |l Remote Storage